Nationalisations

Đã lưu trong:
Bibliografiske detaljer
Hovedforfatter: Stoffaes, Christian
Format: Bog
Sprog:Undetermined
Udgivet: Paris Flammarion 1977
Fag:
Tags: Tilføj Tag
Ingen Tags, Vær først til at tagge denne postø!
Thư viện lưu trữ: Trung tâm Học liệu Trường Đại học Cần Thơ
LEADER 00470nam a2200181Ia 4500
001 CTU_82199
008 210402s9999 xx 000 0 und d
082 |a 338.944 
082 |b S873 
100 |a Stoffaes, Christian 
245 0 |a Nationalisations 
245 0 |c Christian Stoffaes 
260 |a Paris 
260 |b Flammarion 
260 |c 1977 
650 |a Government ownership 
904 |i Trọng Hải 
980 |a Trung tâm Học liệu Trường Đại học Cần Thơ